MARC

LEADER 00000nam0a2200000 4500
001 337013
005 20231102004917.0
035 |a (RuTPU)RU\TPU\book\363474 
090 |a 337013 
100 |a 20171030d1964 km y0rusy50 ca 
101 0 |a rus 
102 |a RU 
105 |a a z 001zy 
200 1 |a Опыт эксплуатации аппаратуры режимной автоматики ртутных выпрямителей  |f Ю. И. Дидух, А. И. Кутьин 
210 |a Москва  |a Ленинград  |c Энергия  |d 1964 
215 |a 65 с.  |c ил. 
225 1 |a Библиотека электромонтера  |v Выпуск 119 
320 |a Библиогр. в конце книги 
606 1 |a Выпрямители ртутные  |x Автоматика  |2 stltpush  |3 (RuTPU)RU\TPU\subj\3929  |9 32265 
610 1 |a режимная надежность 
610 1 |a эксплуатация 
610 1 |a терморегуляторы 
610 1 |a термосигнализаторы 
610 1 |a реле давления 
610 1 |a хранение 
610 1 |a транспортировка 
675 |a 621.314.65  |v 4 
700 1 |a Дидух  |b Ю. И. 
701 1 |a Кутьин  |b А. И. 
801 1 |a RU  |b 63413507  |c 20171030 
801 2 |a RU  |b 63413507  |c 20201112  |g RCR 
942 |c BK